[Event "Saratov Regional-ch"]
[Site "Saratov"]
[Date "2014.12.12"]
[Round "7"]
[White "Khatkevich, Alexandr"]
[Black "Lysenkov, Alexandr"]
[Result "1/2-1/2"]
[WhiteElo "2049"]
[BlackElo "2113"]
[PlyCount "84"]
[EventDate "2014.12.06"]
[EventType "swiss"]
[EventRounds "9"]
[EventCountry "RUS"]
[SourceTitle "CBM 164 Extra"]
[Source "ChessBase"]
[SourceDate "2015.03.02"]
[SourceVersion "1"]
[SourceVersionDate "2015.03.02"]
[SourceQuality "1"]

1. e4 c6 2. d4 d5 3. exd5 cxd5 4. c4 Nf6 5. Nc3 Nc6 6. cxd5 Nxd5 7. Bc4 e6 8. Nge2 Nxc3 9. bxc3 Be7 10. 0-0 0-0 11. f4 Bd7 12. Ng3 Rc8 13. Bd3 Qa5 14. Bd2 Rfd8 15. a4 Qd5 16. Qb1 f5 17. Qb5 Qd6 18. Qb3 g6 19. a5 Bf6 20. Kh1 Rc7 21. Rfe1 Kh8 22. Nf1 Bc8 23. Bc4 Re8 24. Ne3 Ne7 25. Bb5 Rd8 26. Qb2 Bd7 27. Nc4 Qd5 28. Bxd7 Rdxd7 29. Ne5 Bxe5 30. Rxe5 Qc4 31. Rae1 Rc6 32. Qa3 Kg8 33. h3 Kf7 34. R5e3 Nd5 35. Re5 Nf6 36. Qc1 Ne4 37. R1xe4 fxe4 38. Qe1 Qd3 39. Rxe4 Rd5 40. Re5 Rb5 41. Qh4 h5 42. Qd8 Rxe5 1/2-1/2

[Event "Saratov-ch"]
[Site "Saratov"]
[Date "2014.03.05"]
[Round "9"]
[White "Lysenkov, Alexandr"]
[Black "Protopopova, Anastasiya"]
[Result "1/2-1/2"]
[WhiteElo "2111"]
[BlackElo "1890"]
[PlyCount "31"]
[EventDate "2014.02.24"]
[EventType "swiss"]
[EventRounds "9"]
[EventCountry "RUS"]
[SourceTitle "CBM 159 Extra"]
[Source "ChessBase"]
[SourceDate "2014.04.24"]
[SourceVersion "1"]
[SourceVersionDate "2014.04.24"]
[SourceQuality "1"]

1. d4 Nf6 2. Nf3 e6 3. c4 b6 4. Nc3 Bb7 5. Bg5 Bb4 6. Rc1 h6 7. Bd2 0-0 8. e3 d5 9. cxd5 exd5 10. Be2 a6 11. Qb3 Bd6 12. Na4 Qe7 13. a3 Nbd7 14. 0-0 Ne4 15. Qc2 Rac8 16. Qb3 1/2-1/2

[Event "Saratov-ch"]
[Site "Saratov"]
[Date "2014.03.03"]
[Round "7"]
[White "Astapov, Valeriy"]
[Black "Lysenkov, Alexandr"]
[Result "0-1"]
[WhiteElo "1857"]
[BlackElo "2111"]
[PlyCount "102"]
[EventDate "2014.02.24"]
[EventType "swiss"]
[EventRounds "9"]
[EventCountry "RUS"]
[SourceTitle "CBM 159 Extra"]
[Source "ChessBase"]
[SourceDate "2014.04.24"]
[SourceVersion "1"]
[SourceVersionDate "2014.04.24"]
[SourceQuality "1"]

1. e4 c6 2. d4 d5 3. Nc3 dxe4 4. Nxe4 Nd7 5. Bc4 Ngf6 6. Ng5 Nd5 7. N1f3 e6 8. 0-0 h6 9. Ne4 Be7 10. c3 b6 11. Re1 Qc7 12. Qe2 Bb7 13. Bxd5 cxd5 14. Ng3 0-0-0 15. a4 a6 16. b4 Bd6 17. b5 a5 18. Ba3 Bxa3 19. Rxa3 Kb8 20. Ne5 Nf6 21. Nh5 Ne8 22. Rb1 Ka7 23. Rab3 g6 24. Nf4 Nd6 25. Nfd3 Rb8 26. Nc5 Nc4 27. Na6 Bxa6 28. Nc6+ Kb7 29. Nxb8 Rxb8 30. g3 Bxb5 31. axb5 h5 32. Ra1 Rc8 33. Kg2 Qe7 34. h4 Qf6 35. Rd1 Rc7 36. Ra1 Qf5 37. Ra2 Kc8 38. Ra4 Kd7 39. Kf1 Nd6 40. Kg2 Qe4+ 41. Qxe4 Nxe4 42. Raa3 Nd2 43. f4 Nxb3 44. Rxb3 Kd6 45. Kf3 f6 46. Ke3 e5 47. fxe5+ fxe5 48. dxe5+ Kxe5 49. Kd3 Rc4 50. Rb1 Rg4 51. Re1+ Kd6 0-1

[Event "Saratov-ch"]
[Site "Saratov"]
[Date "2014.02.26"]
[Round "3"]
[White "Berezhnov, Dmitry"]
[Black "Lysenkov, Alexandr"]
[Result "1/2-1/2"]
[WhiteElo "1955"]
[BlackElo "2111"]
[PlyCount "101"]
[EventDate "2014.02.24"]
[EventType "swiss"]
[EventRounds "9"]
[EventCountry "RUS"]
[SourceTitle "CBM 159 Extra"]
[Source "ChessBase"]
[SourceDate "2014.04.24"]
[SourceVersion "1"]
[SourceVersionDate "2014.04.24"]
[SourceQuality "1"]

1. d4 Nf6 2. c4 e6 3. g3 c5 4. Nf3 b6 5. Bg2 Bb7 6. 0-0 Be7 7. Nc3 cxd4 8. Nxd4 Bxg2 9. Kxg2 0-0 10. e4 Nc6 11. Be3 Qc8 12. Qe2 Qb7 13. f3 d6 14. Rad1 Rac8 15. Nxc6 Rxc6 16. b3 a6 17. a4 Rfc8 18. Rd2 Nd7 19. Bd4 Nc5 20. Rb1 Nd7 21. Rbd1 Nc5 22. Rb1 Bf8 23. Kg1 R6c7 24. Qf2 Nd7 25. Rbd1 Qc6 26. Qe2 Rb7 27. Kg2 Be7 28. Kg1 Qc7 29. Kg2 Nb8 30. e5 dxe5 31. Bxe5 Qc5 32. Bd6 Bxd6 33. Ne4 Qc7 34. Nxd6 Rf8 35. Nxb7 Qxb7 36. Rd8 Nc6 37. Rxf8+ Kxf8 38. Qd3 Ke7 39. Qd6+ Ke8 40. b4 Qc8 41. Rd2 f6 42. c5 bxc5 43. Qxc5 Qb7 44. b5 Ne5 45. Qc3 axb5 46. axb5 Qxb5 47. Rb2 Qd5 48. Rd2 Qb7 49. Qe3 Kf7 50. Qe4 Qxe4 51. fxe4 1/2-1/2

[Event "Saratov Shestoperov Memorial"]
[Site "Saratov"]
[Date "2013.08.16"]
[Round "5"]
[White "Lysenkov, Alexandr"]
[Black "Dmitriev, Igor"]
[Result "1/2-1/2"]
[WhiteElo "2104"]
[BlackElo "2278"]
[PlyCount "109"]
[EventDate "2013.08.12"]
[EventType "swiss"]
[EventRounds "9"]
[EventCountry "RUS"]
[SourceTitle "CBM 156 Extra"]
[Source "ChessBase"]
[SourceDate "2013.10.22"]
[SourceVersion "1"]
[SourceVersionDate "2013.10.22"]
[SourceQuality "1"]

1. d4 Nf6 2. Nf3 d6 3. g3 Bg4 4. Bg2 c6 5. 0-0 e6 6. c4 Be7 7. Nc3 0-0 8. b3 Nbd7 9. Bb2 d5 10. h3 Bxf3 11. Bxf3 Qb6 12. Rb1 Qa6 13. cxd5 exd5 14. a3 Rfe8 15. e3 Qb6 16. Qc2 Bd6 17. Rbc1 Re7 18. b4 a6 19. e4 dxe4 20. Nxe4 Nxe4 21. Bxe4 Nf6 22. Bf3 Rae8 23. Qf5 h6 24. Bc3 Ne4 25. Bxe4 Rxe4 26. Rcd1 Bf8 27. Qf3 Qd8 28. d5 cxd5 29. Qd3 Qc8 30. Ba1 Qxh3 31. Qxd5 b5 32. Bc3 Qe6 33. Qxe6 R4xe6 34. Rd3 Rc6 35. Rfd1 Ree6 36. Bd4 Red6 37. Kg2 Rd5 38. Be3 Rxd3 39. Rxd3 Be7 40. Kf3 Rc7 41. Ke4 Kf8 42. Bd4 g6 43. g4 Ke8 44. f4 Rc4 45. Kd5 h5 46. gxh5 gxh5 47. f5 Bg5 48. f6 h4 49. Rf3 Kd7 50. Rf5 Bc1 51. Rh5 Bxa3 52. Rh7 Bxb4 53. Rxf7+ Kc8 54. Rh7 Rc7 55. Rxh4 1/2-1/2

[Event "Saratov Shestoperov Memorial"]
[Site "Saratov"]
[Date "2012.09.03"]
[Round "9"]
[White "Lysenkov, Alexandr"]
[Black "Biryukov, Dmitriy"]
[Result "1/2-1/2"]
[WhiteElo "2047"]
[BlackElo "2325"]
[PlyCount "44"]
[EventDate "2012.08.25"]
[EventType "swiss"]
[EventRounds "9"]
[EventCountry "RUS"]
[SourceTitle "CBM 150 Extra"]
[Source "ChessBase"]
[SourceDate "2012.10.19"]
[SourceVersion "1"]
[SourceVersionDate "2012.10.19"]
[SourceQuality "1"]

1. d4 d6 2. Nf3 g6 3. c4 Bg7 4. Nc3 Nf6 5. g3 0-0 6. Bg2 Nc6 7. d5 Na5 8. Nd2 c5 9. dxc6 Nxc6 10. 0-0 Be6 11. Rb1 d5 12. b3 Rc8 13. cxd5 Nxd5 14. Nxd5 Bxd5 15. Bb2 Bxg2 16. Kxg2 Qd5+ 17. Nf3 Rfd8 18. Qxd5 Rxd5 19. Bxg7 Kxg7 20. Rfc1 Rcd8 21. b4 Nd4 22. Nxd4 Rxd4 1/2-1/2

[Event "Saratov Shestoperov Memorial"]
[Site "Saratov"]
[Date "2012.09.01"]
[Round "8"]
[White "Petukhov, Dmitry"]
[Black "Lysenkov, Alexandr"]
[Result "1-0"]
[WhiteElo "2363"]
[BlackElo "2047"]
[PlyCount "200"]
[EventDate "2012.08.25"]
[EventType "swiss"]
[EventRounds "9"]
[EventCountry "RUS"]
[SourceTitle "CBM 150 Extra"]
[Source "ChessBase"]
[SourceDate "2012.10.19"]
[SourceVersion "1"]
[SourceVersionDate "2012.10.19"]
[SourceQuality "1"]

1. e4 c6 2. d4 d5 3. e5 Bf5 4. Ne2 e6 5. Ng3 Bg6 6. h4 h5 7. Be2 Ne7 8. Nxh5 Bxh5 9. Bxh5 Nf5 10. g3 c5 11. dxc5 Bxc5 12. Bg4 Qb6 13. Bxf5 Bxf2+ 14. Kf1 Bxg3 15. Qf3 Bxe5 16. Bg4 Bxb2 17. Bxb2 Qxb2 18. Qc3 Qxc3 19. Nxc3 Nd7 20. Re1 Nf6 21. Bf3 Kd7 22. Rb1 b6 23. Nb5 Rhc8 24. Rb2 a6 25. Nd4 Rc4 26. Ne2 b5 27. c3 Ra4 28. Kf2 g6 29. Kg3 Rh8 30. Nd4 Ra3 31. Rc1 Rc8 32. Rbc2 Ke7 33. Ne2 Rc4 34. Rb2 Raa4 35. Rh1 e5 36. Rd2 Ke6 37. Re1 Kd6 38. Red1 Rc5 39. Rb1 Rcc4 40. Rbd1 Rc5 41. Rf1 Ke6 42. Re1 Rac4 43. Nc1 Rc7 44. Ne2 b4 45. cxb4 Rxb4 46. h5 Nxh5+ 47. Bxh5 gxh5 48. Nd4+ Kd6 49. Nf5+ Ke6 50. Ng7+ Ke7 51. Rxe5+ Kf6 52. Ne8+ Kxe5 53. Nxc7 Rd4 54. Re2+ Kd6 55. Nxa6 Ra4 56. Rf2 f5 57. Rxf5 Rxa2 58. Rxh5 Ra4 59. Kf3 Kc6 60. Rh6+ Kb5 61. Nc7+ Kc4 62. Rc6+ Kd4 63. Rd6 Kc5 64. Rh6 Ra3+ 65. Ke2 Ra2+ 66. Kd3 Ra3+ 67. Kc2 d4 68. Ne6+ Kd5 69. Nf4+ Kc4 70. Rc6+ Kb5 71. Rd6 Kc4 72. Kb2 Rb3+ 73. Ka2 Rf3 74. Ng6 Rf2+ 75. Kb1 Kc3 76. Rc6+ Kd3 77. Kc1 Rf5 78. Rc8 Rf1+ 79. Kb2 Rf2+ 80. Kb3 Rf1 81. Ne5+ Ke4 82. Nc4 Kd5 83. Rd8+ Kc5 84. Nd2 Re1 85. Kc2 Re2 86. Rd7 Rh2 87. Rg7 Rh3 88. Rg5+ Kb4 89. Rg4 Rc3+ 90. Kb2 Rd3 91. Ne4 Re3 92. Kc2 Ra3 93. Rg8 Re3 94. Rb8+ Kc4 95. Nd2+ Kd5 96. Rd8+ Kc5 97. Nb3+ Kc4 98. Rxd4+ Kb5 99. Nc1 Kc5 100. Rd8 Kc4 1-0

[Event "Saratov Shestoperov Memorial"]
[Site "Saratov"]
[Date "2012.08.25"]
[Round "4"]
[White "Lysenkov, Alexandr"]
[Black "Abramov, Leonid"]
[Result "1-0"]
[WhiteElo "2047"]
[BlackElo "2201"]
[PlyCount "87"]
[EventDate "2012.08.25"]
[EventType "swiss"]
[EventRounds "9"]
[EventCountry "RUS"]
[SourceTitle "CBM 150 Extra"]
[Source "ChessBase"]
[SourceDate "2012.10.19"]
[SourceVersion "1"]
[SourceVersionDate "2012.10.19"]
[SourceQuality "1"]

1. d4 e6 2. Nf3 f5 3. g3 b6 4. Bg2 Bb7 5. 0-0 Nf6 6. c4 Be7 7. b3 0-0 8. Bb2 a5 9. a3 Qe8 10. Nc3 d6 11. Qc2 Qh5 12. Rad1 Nbd7 13. b4 axb4 14. axb4 c5 15. dxc5 bxc5 16. Nb5 Be4 17. Qc3 cxb4 18. Qxb4 Rab8 19. Qa3 Rb6 20. Bxf6 Nxf6 21. Nxd6 Ra8 22. Qc5 Nd7 23. Qc7 Bxd6 24. Qxd7 Bf8 25. Qd4 Rb4 26. Rc1 Qe8 27. Ne5 Rd8 28. Qc3 Bxg2 29. Kxg2 Bc5 30. Rfd1 Rbb8 31. Qf3 Qa4 32. Rxd8+ Rxd8 33. Qc6 Qxc6+ 34. Nxc6 Rd2 35. Kf1 Kf7 36. Ke1 Ra2 37. Ne5+ Ke7 38. Rd1 Bd6 39. Nc6+ Kd7 40. c5 Kxc6 41. Rxd6+ Kxc5 42. Rxe6 Kd5 43. Re7 g5 44. f3 1-0

[Event "Saratov Shestoperov Memorial"]
[Site "Saratov"]
[Date "2012.08.25"]
[Round "2"]
[White "Lysenkov, Alexandr"]
[Black "Rodin, Mihail"]
[Result "0-1"]
[WhiteElo "2047"]
[BlackElo "2351"]
[PlyCount "28"]
[EventDate "2012.08.25"]
[EventType "swiss"]
[EventRounds "9"]
[EventCountry "RUS"]
[SourceTitle "CBM 150 Extra"]
[Source "ChessBase"]
[SourceDate "2012.10.19"]
[SourceVersion "1"]
[SourceVersionDate "2012.10.19"]
[SourceQuality "1"]

1. Nf3 d5 2. d4 Nf6 3. c4 e6 4. Qc2 dxc4 5. e4 b5 6. a4 c6 7. axb5 cxb5 8. b3 Nc6 9. Nbd2 Nb4 10. Qc3 Bb7 11. bxc4 Nxe4 12. Qb3 Nxd2 13. Bxd2 Bxf3 14. Bxb4 Qxd4 0-1

[Event "Saratov-ch"]
[Site "Saratov"]
[Date "2012.03.05"]
[Round "9"]
[White "Lysenkov, Alexandr"]
[Black "Dudin, Denis"]
[Result "1-0"]
[WhiteElo "2013"]
[BlackElo "2073"]
[PlyCount "93"]
[EventDate "2012.02.24"]
[EventType "swiss"]
[EventRounds "9"]
[EventCountry "RUS"]
[SourceTitle "CBM 147 Extra"]
[Source "ChessBase"]
[SourceDate "2012.04.24"]
[SourceVersion "1"]
[SourceVersionDate "2012.04.24"]
[SourceQuality "1"]

1. d4 Nf6 2. Nf3 e6 3. c4 b6 4. a3 Ba6 5. Qc2 Bb7 6. Nc3 c5 7. dxc5 bxc5 8. Bg5 Be7 9. e3 h6 10. Bh4 d6 11. Be2 Qb6 12. 0-0 Nbd7 13. b4 Qc6 14. b5 Qc7 15. a4 a5 16. bxa6 Rxa6 17. Rfd1 Qc6 18. Ne1 Ne5 19. Nb5 0-0 20. Bxf6 gxf6 21. f4 Nd7 22. Bf3 Qc8 23. e4 Rd8 24. Ra3 Bf8 25. Bh5 Nb8 26. Rg3+ Bg7 27. e5 f5 28. Nxd6 Raxd6 29. Rxd6 Nc6 30. Qd3 Nd4 31. Rxd8+ Qxd8 32. Bf3 Qa5 33. Kf2 Nxf3 34. Nxf3 Qxa4 35. Nd2 Kh7 36. h4 Bc6 37. Ke2 Qa1 38. Qe3 Qh1 39. Qxc5 Bxg2 40. Qf2 Bc6 41. Qg1 Qxg1 42. Rxg1 f6 43. exf6 Bxf6 44. Nf3 Bb7 45. Rb1 Ba6 46. Kd3 Bd8 47. Ra1 1-0

[Event "Saratov-ch"]
[Site "Saratov"]
[Date "2012.03.02"]
[Round "7"]
[White "Korchmar, Vasiliy"]
[Black "Lysenkov, Alexandr"]
[Result "1-0"]
[WhiteElo "2263"]
[BlackElo "2013"]
[PlyCount "89"]
[EventDate "2012.02.24"]
[EventType "swiss"]
[EventRounds "9"]
[EventCountry "RUS"]
[SourceTitle "CBM 147 Extra"]
[Source "ChessBase"]
[SourceDate "2012.04.24"]
[SourceVersion "1"]
[SourceVersionDate "2012.04.24"]
[SourceQuality "1"]

1. e4 c6 2. d4 d5 3. e5 Bf5 4. Nf3 e6 5. Be2 c5 6. Be3 Qb6 7. Nc3 a6 8. 0-0 Nd7 9. Na4 Qa5 10. Nxc5 Nxc5 11. dxc5 Bxc5 12. Bxc5 Qxc5 13. Rc1 Rd8 14. c4 d4 15. Qa4+ Qc6 16. Qa3 Ne7 17. Rfd1 Qb6 18. c5 Qc7 19. Qa4+ Qc6 20. Qc4 0-0 21. Nxd4 Qc7 22. Nxf5 Nxf5 23. Qc3 a5 24. a3 h6 25. b4 axb4 26. axb4 Rxd1+ 27. Rxd1 Rc8 28. Bf3 Ne7 29. Be4 g6 30. g3 Kg7 31. Rd6 Ra8 32. Qd4 Ra4 33. Rd7 Rxb4 34. Qd6 Qxd6 35. exd6 Nf5 36. Bxf5 gxf5 37. Rxb7 Rxb7 38. c6 Rb6 39. d7 Rxc6 40. d8Q Rc4 41. Kg2 Re4 42. Qd3 h5 43. f3 Ra4 44. Kh3 Kg6 45. Qd8 1-0

[Event "Saratov-ch"]
[Site "Saratov"]
[Date "2012.03.01"]
[Round "6"]
[White "Lysenkov, Alexandr"]
[Black "Kruzhilin, Aleksey"]
[Result "1-0"]
[WhiteElo "2013"]
[BlackElo "1815"]
[PlyCount "107"]
[EventDate "2012.02.24"]
[EventType "swiss"]
[EventRounds "9"]
[EventCountry "RUS"]
[SourceTitle "CBM 147 Extra"]
[Source "ChessBase"]
[SourceDate "2012.04.24"]
[SourceVersion "1"]
[SourceVersionDate "2012.04.24"]
[SourceQuality "1"]

1. Nf3 Nf6 2. d4 e6 3. c4 b6 4. a3 Ba6 5. Qc2 Bb7 6. Nc3 c5 7. Bg5 Be7 8. dxc5 Bxc5 9. e3 Be7 10. Bd3 d6 11. Rd1 Nbd7 12. 0-0 Rc8 13. Rfe1 a6 14. Bh4 h6 15. Be2 0-0 16. Bg3 Qc7 17. Qd2 Ne5 18. Nxe5 dxe5 19. b4 Rfd8 20. Qb2 Bd6 21. h3 e4 22. Bxd6 Rxd6 23. Rxd6 Qxd6 24. Rd1 Qe5 25. Qd2 b5 26. c5 Nd5 27. Nxd5 exd5 28. Qd4 Qg5 29. Ra1 Rc6 30. a4 bxa4 31. Rxa4 Bc8 32. h4 Qxh4 33. Qxd5 Rf6 34. Qd8+ Kh7 35. g3 Qh3 36. Bf1 Qf5 37. Ra2 Be6 38. Rd2 Rg6 39. Bg2 Bc4 40. Qd4 Bd3 41. Rxd3 exd3 42. Be4 Qg4 43. Qxd3 h5 44. Bxg6+ fxg6 45. Qxa6 Qxb4 46. c6 Qb1+ 47. Qf1 Qc2 48. Qb5 Qd1+ 49. Kg2 h4 50. c7 Qg4 51. Qb7 h3+ 52. Kh2 Qe2 53. c8Q Qxf2+ 54. Kxh3 1-0